Something of the Something - History - Statistics

General Stats
  • This quiz has been taken 11,550 times
  • The average score is 8 of 18
Answer Stats
Clue Answer % Correct
July 14th event which sparked the French Revolution Storming of the {Bastille}
92%
Lancaster vs. York Wars of the {Roses}
84%
Archaeological site near Luxor where about 30 pharaohs are buried Valley of the {Kings}
72%
"Remembered" San Antonio event Battle of the {Alamo}
71%
Karl Marx called religion the ... {Opium} of the People
62%
Title which the pope gave to Henry VIII (but probably wish he hadn't) Defender of the {Faith}
55%
1934 event where Hitler purged his rivals in the Nazi party Night of the {Long} {Knives}
48%
Book by Charles Darwin about his travels to the Galapagos and elsewhere Voyage of the {Beagle}
46%
To the French, it is "fin de siècle" End of the {Century}
43%
Patriotic song for the Union side during the U.S. Civil War Battle Hymn of the {Republic}
41%
Church in Bethlehem where Jesus was thought to have been born Church of the {Nativity}
31%
Most prestigious medal awarded by the USSR {Hero} of the Soviet Union
28%
England's oldest knightly order, founded in 1348 Order of the {Garter}
25%
Painting by Géricault depicting the survivors of a notorious 1816 shipwreck Raft of the {Medusa}
15%
Another name for Proust's book "In Search of Lost Time" Remembrance of {Things} {Past}
14%
William the Conqueror's campaigns to subjugate Northern England {Harrying} of the North
14%
Chinese historical novel set in the turbulent period after the collapse of the Han dynasty {Romance} of the Three Kingdoms
11%
In England, this highly coveted position was tasked with helping the king use the toilet {Groom} of the Stool
9%
No matching quizzes found
Score Distribution
Percent of People with Each Score
Percentile by Number Answered
Your Score History
You have not taken this quiz